Logic
সংরক্ষণ করুন:
| প্রধান লেখক: | |
|---|---|
| বিন্যাস: | গ্রন্থ |
| ভাষা: | Undetermined |
| প্রকাশিত: |
Englewood Cliffs, N.J.
Prentice-Hall
1984
|
| বিষয়গুলি: | |
| ট্যাগগুলো: |
ট্যাগ যুক্ত করুন
কোনো ট্যাগ নেই, প্রথমজন হিসাবে ট্যাগ করুন!
|
| Thư viện lưu trữ: | Trung tâm Học liệu Trường Đại học Cần Thơ |
|---|
| LEADER | 00450nam a2200181Ia 4500 | ||
|---|---|---|---|
| 001 | CTU_90422 | ||
| 008 | 210402s9999 xx 000 0 und d | ||
| 082 | |a 160 | ||
| 082 | |b S172 | ||
| 100 | |a Wesley C. Salmon | ||
| 245 | 0 | |a Logic | |
| 245 | 0 | |c Wesley C. Salmon | |
| 260 | |a Englewood Cliffs, N.J. | ||
| 260 | |b Prentice-Hall | ||
| 260 | |c 1984 | ||
| 650 | |a logic | ||
| 904 | |i Nguyên | ||
| 980 | |a Trung tâm Học liệu Trường Đại học Cần Thơ | ||